Project management : (Record no. 24329)

MARC details
000 -LEADER
fixed length control field 00740nam a22002417a 4500
020 ## - INTERNATIONAL STANDARD BOOK NUMBER
ISBN 9788126550807
041 ## - LANGUAGE CODE
Language code of text/sound track or separate title English
082 ## - DEWEY DECIMAL CLASSIFICATION NUMBER
Classification number 658.404
Item number MAN
100 ## - MAIN ENTRY--AUTHOR NAME
Author name Mantel, Samuel J.
245 ## - TITLE STATEMENT
Title Project management :
Sub Title core textbook /
Statement of responsibility, etc Samuel J. Mantel Jr., Jack R. Meredith, Scott M. Shafer, and Margaret M. Sutton with M. R. Gopalan
250 ## - EDITION STATEMENT
Edition statement 2nd edition.
260 ## - PUBLICATION, DISTRIBUTION, ETC. (IMPRINT)
Place of publication New Delhi :
Name of publisher Wiley ,
Year of publication 2014 .
300 ## - PHYSICAL DESCRIPTION
Number of Pages xii, 346 pages :
Other physical details Illustrations;
Dimensions 24 cm.
504 ## - BIBLIOGRAPHY, ETC. NOTE
Bibliography, etc Include index.
650 ## - SUBJECT ADDED ENTRY--TOPICAL TERM
Subject Risk management
650 ## - SUBJECT ADDED ENTRY--TOPICAL TERM
Subject Project management
700 ## - ADDED ENTRY--PERSONAL NAME
Author 2/ Editor Meredith, Jack R.
700 ## - ADDED ENTRY--PERSONAL NAME
Author 2/ Editor Shafer, Scott M.
700 ## - ADDED ENTRY--PERSONAL NAME
Author 2/ Editor Sutton, Margaret M.
700 ## - ADDED ENTRY--PERSONAL NAME
Author 2/ Editor Gopalan M. R.
942 ## - ADDED ENTRY ELEMENTS (KOHA)
Source of classification or shelving scheme Dewey Decimal Classification
Koha item type Books
Holdings
Withdrawn status Lost status Source of classification or shelving scheme Damaged status Not for loan Home library Current library Shelving location Date acquired Source of acquisition Cost, normal purchase price Full call number Accession Number Price effective from Koha item type
    Dewey Decimal Classification     Institute of Public Enterprise, Library Institute of Public Enterprise, Library S Campus 05/02/2026 Gifted by S. Sathish Kumar 1139.00 658.404 MAN 51050 05/02/2026 Books
    Dewey Decimal Classification     Institute of Public Enterprise, Library Institute of Public Enterprise, Library S Campus 05/02/2026 Gifted by S. Sathish Kumar 1139.00 658.404 MAN 51053 05/02/2026 Books

Maintained and Designed by
2cqr automation private limited, Chennai. All Rights Reserved.

You are Visitor Number

PHP Hits Count